000 01456nam a2200265Ia 4500
001 16092
003 GE_BSU
008 181216s||||||||xx |||||||||||||| ||und||
020 _a978-9941-0-4804-3
040 _cGE_BSU
080 _a31:316
100 _aნაჩმიასი, ჩავა ფრანკფორტ. ლეონ-გერერო,ანა
245 _aსოციალური სტატისტიკა
245 _bმრავალფეროვანი საზოგადოებისათვის
245 _cმთარგმნ.: მარინე მინდორაშვილი, გიორგი კ. ყუფარაძე ; რედ. ქეთევან მარშავა, სამეცნ. რედ. სიმონ გელაშვილი
260 _aთბილისი
260 _bთბილ. უნ-ტის გამ-ბა
260 _c2012
300 _a634 გვ. ; 23 სმ.
520 _aდაფინანსებულია საქართველოში აშშ-ის საელჩოს წიგნების თარგმნის პროგრამის ფარგლებში.
541 _h21ლ.90თ.
653 _aმრავალფეროვანი საზოგადოებისათვის
653 _aსოციალური სტატისტიკა
942 _cBK
999 _c49181
_d49181